000
00287nam a2200121Ia 4500
008
241002s9999 xx 000 0 und d
082
_a
923.1 ALL
100
_a
Allana, G.
245
0
_a
Quaid-e-Azam Jinnah Story of Nation
260
_a
Karachi:
_c
1967
600
_a
History
942
_c
UC
999
_c
18474
_d
18474